[Event "43rd World U20 ch"]
[Site "Kochi IND"]
[Date "2004.11.30"]
[Round "12.13"]
[White "Gupta, Abhijeet"]
[Black "Grigorov, Grigor"]
[Result "1-0"]
[WhiteElo "2412"]
[BlackElo "2321"]
[EventDate "2004.11.19"]
[PlyCount "95"]

1.d4 d5 2.c4 e6 3.Nc3 c6 4.Nf3 dxc4 5.a4 Bb4 6.e3 b5 7.Bd2 Bb7 8.b3 a5 9.
axb5 Bxc3 10.Bxc3 cxb5 11.bxc4 b4 12.Bb2 Nf6 13.Bd3 Nbd7 14.O-O O-O 15.Re1
Ne4 16.Nd2 Nxd2 17.Qxd2 Qc7 18.Rec1 f5 19.f3 Nf6 20.Bc2 Qe7 21.Ba4 Rfc8 
22.Bb5 Bc6 23.Bxc6 Rxc6 24.c5 Qb7 25.Ra4 Qb5 26.Rca1 Rca6 27.Kf2 Nd5 28.
Qe2 Qc6 29.Qd3 g6 30.Kg1 e5 31.e4 fxe4 32.fxe4 Nf4 33.Qb3+ Qe6 34.d5 Qg4 
35.d6+ Kf8 36.Qc2 Qe6 37.Bc1 Kg8 38.Bxf4 exf4 39.Qd3 Kg7 40.Qd4+ Kh6 41.
Qd5 Qg4 42.d7 f3 43.R4a2 Rd8 44.c6 Qf4 45.Qc4 Qe3+ 46.Kh1 b3 47.c7 Rxd7 
48.c8=Q 1-0

[Event "43rd World U20 ch"]
[Site "Kochi IND"]
[Date "2004.11.30"]
[Round "12.14"]
[White "Olsson, Linus"]
[Black "Deepan Chakravarthy, Jeyakumar"]
[Result "0-1"]
[WhiteElo "2289"]
[BlackElo "2396"]
[EventDate "2004.11.19"]
[PlyCount "68"]

1.d4 Nf6 2.c4 e6 3.g3 c5 4.d5 exd5 5.cxd5 b5 6.Bg2 d6 7.b4 Nbd7 8.bxc5 
dxc5 9.Nh3 Bd6 10.O-O O-O 11.Bf4 Nb6 12.Bxd6 Qxd6 13.Nf4 Re8 14.Nd2 g5 15.
Nh3 Bxh3 16.Bxh3 Nbxd5 17.e3 Rad8 18.Nb3 Ne4 19.Rc1 Qh6 20.Bg2 Nxe3 21.
Qxd8 Rxd8 22.fxe3 Qe6 23.Kh1 Qe5 24.g4 Rd6 25.Rf5 Ng3+ 26.hxg3 Qxe3 27.Bb7
c4 28.Rcf1 Qxg3 29.Rxg5+ Kh8 30.Rh5 cxb3 31.Be4 Qxg4 32.Rxh7+ Kg8 33.Rg1 
Qxg1+ 34.Kxg1 bxa2 0-1

[Event "43rd World U20 ch"]
[Site "Kochi IND"]
[Date "2004.11.30"]
[Round "12.15"]
[White "D`Costa, Lorin"]
[Black "Arghyadip Das"]
[Result "1/2-1/2"]
[WhiteElo "2358"]
[BlackElo "2353"]
[EventDate "2004.11.19"]
[PlyCount "30"]

1.d4 Nf6 2.c4 e6 3.Nf3 b6 4.a3 Bb7 5.Nc3 d5 6.Bg5 Be7 7.e3 Nbd7 8.Rc1 O-O 
9.cxd5 exd5 10.Bd3 Ne4 11.Bxe7 Qxe7 12.O-O c5 13.dxc5 bxc5 14.Bb1 Ndf6 15.
Nd2 Nxc3 1/2-1/2

[Event "43rd World U20 ch"]
[Site "Kochi IND"]
[Date "2004.11.30"]
[Round "12.16"]
[White "Vaidya Chaitanya, N."]
[Black "Tikkanen, Hans"]
[Result "0-1"]
[WhiteElo "2184"]
[BlackElo "2338"]
[EventDate "2004.11.19"]
[PlyCount "94"]

1.d4 g6 2.e4 Bg7 3.c4 d6 4.Nc3 Nc6 5.Nge2 e5 6.d5 Nce7 7.Ng3 f5 8.exf5 
Nxf5 9.Nxf5 gxf5 10.Be2 Bd7 11.Bh5+ Kf8 12.O-O Qh4 13.f4 e4 14.Be2 h5 15.
Be3 Nf6 16.Qe1 Qxe1 17.Rfxe1 Ng4 18.Bxg4 hxg4 19.Rad1 Ke7 20.Bd4 Bxd4+ 21.
Rxd4 Rh6 22.g3 c5 23.Rd2 a6 24.Nd1 b5 25.Ne3 bxc4 26.Rc1 a5 27.Rxc4 a4 28.
Rc3 Rhh8 29.Kg2 Rab8 30.a3 Rb7 31.Nc4 Bb5 32.Ne3 Kf6 33.Rcc2 Bd3 34.Rc3 
Rhb8 35.Nd1 Rb5 36.Kf2 c4 37.Ke3 Rxd5 38.Nf2 Rdb5 39.Nd1 Ke6 40.Kd4 Rd5+ 
41.Ke3 Rdb5 42.Kd4 R5b7 43.Rc1 Rb3 44.Rc3 R3b5 45.Ke3 Kd5 46.Rc1 Kc5 47.
Nc3 Ra5 0-1

[Event "43rd World U20 ch"]
[Site "Kochi IND"]
[Date "2004.11.30"]
[Round "12.17"]
[White "Cifka, Stanislav"]
[Black "Poobesh Anand, Selvaraj"]
[Result "0-1"]
[WhiteElo "2310"]
[BlackElo "2367"]
[EventDate "2004.11.19"]
[PlyCount "100"]

1.d4 Nf6 2.Nf3 b6 3.g3 Bb7 4.Bg2 e6 5.O-O Be7 6.c4 O-O 7.Nc3 d5 8.cxd5 
Nxd5 9.Nxd5 Bxd5 10.Qc2 Nd7 11.e4 Bb7 12.Rd1 Rc8 13.d5 e5 14.Bh3 Bd6 15.
Qe2 Qe7 16.Bg5 f6 17.Be3 Rcd8 18.Nh4 g6 19.Bh6 Rfe8 20.Rac1 a5 21.Nf3 Nc5 
22.Nd2 g5 23.Bf5 Bc8 24.g4 Kh8 25.Kh1 Bxf5 26.gxf5 Rg8 27.Rg1 Qd7 28.Nc4 
Qa4 29.h4 gxh4 30.Qh5 Qd7 31.Qxh4 Qf7 32.Nxd6 cxd6 33.Rg3 Nxe4 34.Qxe4 
Qh5+ 35.Kg2 Rxg3+ 36.fxg3 Qxh6 37.Rc7 Rg8 38.Re7 Qg5 39.Qf3 Qd2+ 40.Kh3 
Qh6+ 41.Kg2 Rc8 42.Qd3 Qc1 43.b3 Rc2+ 44.Kh3 Qh6+ 45.Kg4 Qg5+ 46.Kf3 Qh5+ 
47.Ke3 Rg2 48.Qf1 Rxg3+ 49.Kd2 Qh2+ 50.Qe2 Rg2 0-1

[Event "43rd World U20 ch"]
[Site "Kochi IND"]
[Date "2004.11.30"]
[Round "12.18"]
[White "Barbosa, Oliver"]
[Black "Tallaksen, Geir Sune"]
[Result "1-0"]
[WhiteElo "2311"]
[BlackElo "2343"]
[EventDate "2004.11.19"]
[PlyCount "115"]

1.e4 e5 2.Nf3 Nc6 3.Bb5 a6 4.Ba4 Nf6 5.O-O Nxe4 6.d4 b5 7.Bb3 d5 8.dxe5 
Be6 9.Qe2 Be7 10.Rd1 Nc5 11.c4 d4 12.cxb5 d3 13.Qf1 Nxb3 14.axb3 Nb4 15.
Bd2 Nc2 16.Rxa6 Rxa6 17.bxa6 Bxb3 18.a7 Bc4 19.Ne1 O-O 20.Rc1 Qd4 21.b3 
Bxb3 22.Qxd3 Qxd3 23.Nxd3 c5 24.Be3 Nxe3 25.fxe3 Ra8 26.Nxc5 Ba2 27.Nd7 
Be6 28.Rc7 Bxd7 29.Rb7 Bf8 30.Rxd7 Bc5 31.Kf2 Kf8 32.Nc3 Rxa7 33.Rd8+ Ke7 
34.Rc8 Ra5 35.Rc7+ Ke6 36.Ne2 Kxe5 37.Rxf7 Ra3 38.Nd4 g6 39.Rxh7 Bxd4 40.
exd4+ Kxd4 41.Re7 Ra6 42.Rc7 Ra2+ 43.Kf3 Ra3+ 44.Kf4 Ra2 45.Rd7+ Kc5 46.
Kg3 Ra3+ 47.Kg4 Ra2 48.Kh3 Rb2 49.g3 Ra2 50.Rg7 Ra6 51.Kg4 Kd5 52.Kg5 Ra2 
53.h4 Rg2 54.g4 Ke6 55.Kh6 Rh2 56.Rxg6+ Kf7 57.h5 Rh1 58.Ra6 1-0

[Event "43rd World U20 ch"]
[Site "Kochi IND"]
[Date "2004.11.30"]
[Round "12.19"]
[White "Hasan Parag, Mehdi"]
[Black "Mabusela, Johannes"]
[Result "1-0"]
[WhiteElo "2251"]
[BlackElo "2316"]
[EventDate "2004.11.19"]
[PlyCount "109"]

1.e4 c5 2.Nf3 g6 3.d4 cxd4 4.Nxd4 Nc6 5.c4 Nf6 6.Nc3 d6 7.Be2 Nxd4 8.Qxd4 
Bg7 9.Be3 O-O 10.Qd1 Bd7 11.O-O Bc6 12.f3 Nd7 13.Qd2 Nc5 14.Rac1 f5 15.b4 
Ne6 16.b5 Bd7 17.Qd5 f4 18.Bf2 b6 19.Rfd1 Kh8 20.Qd2 Qe8 21.Nd5 Qf7 22.a4 
Nc5 23.Qa2 g5 24.a5 g4 25.Qc2 gxf3 26.Bxf3 Rab8 27.axb6 axb6 28.Qe2 Be5 
29.Kh1 Qg7 30.Rc2 e6 31.Nb4 Ra8 32.Nd3 Nxd3 33.Qxd3 Rfb8 34.Rcd2 Be8 35.
Bd4 Bxd4 36.Qxd4 Qxd4 37.Rxd4 Ra4 38.Be2 Kg7 39.Rxd6 Kf6 40.Bg4 Bf7 41.Rc6
Ke5 42.Rc7 Bg8 43.Bf3 Rba8 44.c5 Ra1 45.cxb6 Rxd1+ 46.Bxd1 Ra1 47.Rd7 Rb1 
48.Rd8 Rxb5 49.Rxg8 Rxb6 50.Rd8 Rb1 51.Kg1 Kxe4 52.Kf2 Rb4 53.Be2 Kf5 54.
Kf3 e5 55.Bd3+ 1-0

[Event "43rd World U20 ch"]
[Site "Kochi IND"]
[Date "2004.11.30"]
[Round "12.21"]
[White "Sandeep, Yalamanchili"]
[Black "Perdomo, Leandro"]
[Result "1/2-1/2"]
[WhiteElo "2138"]
[BlackElo "2312"]
[EventDate "2004.11.19"]
[PlyCount "138"]

1.d4 Nf6 2.Nf3 g6 3.g3 Bg7 4.Bg2 O-O 5.O-O d6 6.c4 Nbd7 7.Qc2 e5 8.Rd1 Qe7
9.Nc3 c6 10.e4 Re8 11.Be3 exd4 12.Nxd4 Nc5 13.f3 a5 14.Bf2 Nfd7 15.b3 h5 
16.a3 Ne5 17.Rab1 Qf6 18.Qe2 a4 19.b4 Nb3 20.Nxb3 axb3 21.f4 Bg4 22.fxe5 
Qxe5 23.Qd3 Qxc3 24.Rxb3 Qxd3 25.Rdxd3 Be2 26.Rxd6 Bxc4 27.Re3 Bb2 28.Rd7 
b5 29.e5 Rxa3 30.Rxa3 Bxa3 31.Bxc6 Bxb4 32.Rd4 Rxe5 33.Bxb5 Rxb5 34.Rxc4 
Be7 35.Bd4 f6 36.Kg2 Kf7 37.Rc2 Rd5 38.Bb2 Bd6 39.Rf2 Be7 40.Bc3 g5 41.Rd2
Rb5 42.Rb2 Rd5 43.Rd2 Rc5 44.Bb4 Rc4 45.Bxe7 Kxe7 46.h3 Kf7 47.Kf3 Kg6 48.
g4 Rc1 49.gxh5+ Kxh5 50.Rd8 Rc3+ 51.Kg2 Kg6 52.Rd5 Re3 53.Ra5 Re5 54.Ra4 
Kf5 55.Kf3 Rb5 56.Kg2 Rb2+ 57.Kg3 Rb3+ 58.Kg2 Re3 59.Kh2 Re4 60.Ra6 Ke5 
61.Kg3 Re3+ 62.Kg4 Re4+ 63.Kg3 Rd4 64.Kf3 Rd3+ 65.Kg4 f5+ 66.Kxg5 Rg3+ 67.
Kh4 f4 68.Ra5+ Ke4 69.Ra4+ Ke3 1/2-1/2

[Event "43rd World U20 ch"]
[Site "Kochi IND"]
[Date "2004.11.30"]
[Round "12.22"]
[White "Gopal, Geetha Narayanan"]
[Black "Arun, Karthik Ravichandra"]
[Result "0-1"]
[WhiteElo "2278"]
[BlackElo "2152"]
[EventDate "2004.11.19"]
[PlyCount "110"]

1.e4 e5 2.Nf3 Nc6 3.Bb5 a6 4.Ba4 Nf6 5.O-O Be7 6.Re1 b5 7.Bb3 O-O 8.a4 Bb7
9.d3 d6 10.c3 Na5 11.Bc2 c5 12.Nbd2 g6 13.Nf1 Nh5 14.Ne3 Ng7 15.d4 Qc7 16.
b3 Ne6 17.Nd5 Bxd5 18.exd5 Ng7 19.dxe5 dxe5 20.Nxe5 Bd6 21.Nf3 Rfe8 22.Bd2
Nb7 23.g3 Rxe1+ 24.Bxe1 Rd8 25.axb5 axb5 26.c4 b4 27.Bd2 f6 28.Be3 Qc8 29.
Bc1 Re8 30.Bd3 Be5 31.Ra6 Nd8 32.Ra7 Qb8 33.Ra2 Nf7 34.Be3 Bd6 35.Kg2 Qc8 
36.Qb1 f5 37.Qc1 Nh5 38.h3 Qc7 39.Ra6 Bxg3 40.Rc6 Qb8 41.Rxc5 Bxf2 42.Bxf2
Nf4+ 43.Kf1 Nxd3 44.Qd2 Nxc5 45.Bxc5 Qg3 46.Qg2 Qf4 47.Qf2 Ng5 48.Nxg5 
Qc1+ 49.Kg2 Qxg5+ 50.Kh2 Qh5 51.Kg3 Re4 52.Bd6 Qd1 53.Bf4 Qxb3+ 54.Qf3 
Qxf3+ 55.Kxf3 Rxc4 0-1

[Event "43rd World U20 ch"]
[Site "Kochi IND"]
[Date "2004.11.30"]
[Round "12.23"]
[White "Ashwath, Raja"]
[Black "Mihailidis, Anastasios"]
[Result "1-0"]
[WhiteElo "2124"]
[BlackElo "2278"]
[EventDate "2004.11.19"]
[PlyCount "61"]

1.d4 d5 2.c4 e6 3.Nc3 Nf6 4.Bg5 Be7 5.e3 h6 6.Bh4 O-O 7.cxd5 Nxd5 8.Bxe7 
Qxe7 9.Nf3 b6 10.Nxd5 exd5 11.Bd3 c5 12.dxc5 bxc5 13.O-O Be6 14.Rc1 Rc8 
15.h3 Qb7 16.Qe2 a5 17.e4 c4 18.Bb1 Nd7 19.exd5 Bxd5 20.Nh4 Rab8 21.Nf5 
Kf8 22.Qe7+ Kg8 23.Nd6 Qc6 24.Nxc8 Rxc8 25.Bf5 Rc7 26.Qe8+ Nf8 27.Qxc6 
Rxc6 28.Rfe1 Rb6 29.Re5 Be6 30.Bxe6 Nxe6 31.Rxa5 1-0

[Event "43rd World U20 ch"]
[Site "Kochi IND"]
[Date "2004.11.30"]
[Round "12.24"]
[White "Navin, Kanna"]
[Black "Patwardhan, Omkar"]
[Result "1/2-1/2"]
[WhiteElo "2058"]
[BlackElo "2212"]
[EventDate "2004.11.19"]
[PlyCount "107"]

1.e4 c5 2.Nf3 Nc6 3.Nc3 e5 4.Bc4 Be7 5.d3 d6 6.O-O Nf6 7.Ng5 O-O 8.f4 exf4
9.Bxf4 Ne5 10.Bxe5 dxe5 11.Nf3 Be6 12.Kh1 Qd6 13.Qe1 Nh5 14.Nb5 Qb8 15.
Bxe6 fxe6 16.Qc3 a6 17.Na3 b5 18.Qxe5 Qxe5 19.Nxe5 Rxf1+ 20.Rxf1 Bf6 21.
Nd7 Bxb2 22.Nb1 Rc8 23.c3 b4 24.cxb4 cxb4 25.Nd2 Nf6 26.Nxf6+ Bxf6 27.Nc4 
Bc3 28.g3 Rd8 29.Rf3 h6 30.Kg2 a5 31.Kf1 a4 32.Ke2 Ra8 33.Rf1 b3 34.a3 Bd4
35.Kd1 e5 36.Kc1 Ra7 37.Kb1 Rf7 38.Rxf7 Kxf7 39.Nd6+ Kf6 40.Nb5 Bc5 41.Nc3
Bxa3 42.Nxa4 Kg5 43.Nb6 Bc5 44.Nd5 Bd4 45.Nc7 Bg1 46.h3 Bf2 47.Kb2 Bxg3 
48.Ne6+ Kh4 49.Nxg7 Kxh3 50.Kxb3 Kg4 51.Kc4 Bf2 52.Kd5 Bg3 53.d4 exd4 54.
Kxd4 1/2-1/2

[Event "43rd World U20 ch"]
[Site "Kochi IND"]
[Date "2004.11.30"]
[Round "12.25"]
[White "Soumitra, Mujumdar"]
[Black "Puneet, Jaiswal"]
[Result "1/2-1/2"]
[WhiteElo "2148"]
[BlackElo "2212"]
[EventDate "2004.11.19"]
[PlyCount "75"]

1.d4 e6 2.c4 d5 3.Nc3 c6 4.e3 f5 5.Nf3 Nf6 6.Be2 Bd6 7.O-O Nbd7 8.Ng5 Qe7 
9.f4 h6 10.Nf3 O-O 11.Nh4 Rd8 12.cxd5 Nxd5 13.Nxd5 cxd5 14.Ng6 Qe8 15.Ne5 
Nxe5 16.fxe5 Be7 17.Bd2 Bd7 18.Qb3 Ba4 19.Qd3 a6 20.Bc3 Bb5 21.Qd2 Bxe2 
22.Qxe2 b5 23.Qd2 Rdc8 24.Rac1 Rc6 25.Bb4 Rac8 26.Rxc6 Rxc6 27.Bxe7 Qxe7 
28.Rc1 Qc7 29.Rxc6 Qxc6 30.Kf2 Kf7 31.a3 Qc4 32.Qb4 Qc2+ 33.Kf3 g5 34.Qd6 
Qd1+ 35.Kf2 Qd2+ 36.Kf1 Qc1+ 37.Kf2 Qc2+ 38.Kf3 1/2-1/2

[Event "43rd World U20 ch"]
[Site "Kochi IND"]
[Date "2004.11.30"]
[Round "12.26"]
[White "Mandizha, Farai"]
[Black "Bhatti, Ranveersingh"]
[Result "1-0"]
[WhiteElo "2200"]
[BlackElo "2195"]
[EventDate "2004.11.19"]
[PlyCount "79"]

1.e4 c5 2.Nf3 Nc6 3.d4 cxd4 4.Nxd4 Nf6 5.Nc3 e5 6.Ndb5 d6 7.Bg5 a6 8.Na3 
b5 9.Bxf6 gxf6 10.Nd5 Bg7 11.c3 f5 12.exf5 Bxf5 13.Nc2 O-O 14.Nce3 Be6 15.
Bd3 f5 16.O-O Kh8 17.Qh5 e4 18.Bc2 Ne7 19.Rad1 Rc8 20.f3 Bf7 21.Qh3 Nxd5 
22.Nxd5 Bg6 23.fxe4 fxe4 24.Rxf8+ Qxf8 25.Ne7 Qxe7 26.Qxc8+ Bf8 27.Rf1 Kg7
28.Qxa6 Qe5 29.Qb7+ Be7 30.Re1 d5 31.Qxb5 Bh4 32.Qd7+ Kg8 33.Rf1 e3 34.
Qc8+ Qe8 35.Qxe8+ Bxe8 36.g3 Be7 37.Bb3 Bc6 38.Rf5 Bc5 39.Kf1 Bb5+ 40.Ke1 
1-0

[Event "43rd World U20 ch"]
[Site "Kochi IND"]
[Date "2004.11.30"]
[Round "12.27"]
[White "Swaraj, Palit"]
[Black "Tiwari, Arjun"]
[Result "0-1"]
[WhiteElo "2172"]
[BlackElo "2319"]
[EventDate "2004.11.19"]
[PlyCount "80"]

1.e4 c5 2.Nc3 Nc6 3.g3 g6 4.Bg2 Bg7 5.f4 d6 6.Nf3 h5 7.d3 Nd4 8.Ne2 Nxf3+ 
9.Bxf3 Bg4 10.Bxg4 hxg4 11.c4 Qd7 12.Qc2 f5 13.Bd2 Nf6 14.Bc3 Rh7 15.exf5 
gxf5 16.O-O-O O-O-O 17.Bxf6 Bxf6 18.d4 b6 19.dxc5 bxc5 20.Nc3 Bxc3 21.bxc3
Rdh8 22.Rd2 Qe6 23.Re2 Qxc4 24.Qxf5+ Kc7 25.Qc2 Qa6 26.Rhe1 e6 27.Rxe6 
Qa3+ 28.Kd1 Rxh2 29.Re7+ Kb6 30.Qe4 Rb8 31.Re2 Rxe2 32.Kxe2 Qb2+ 33.Kd3 
Qb1+ 34.Ke3 Qe1+ 35.Kd3 Qxg3+ 36.Kc4 Qf2 37.Qb1+ Kc6 38.Qe4+ Kb6 39.Qb1+ 
Kc6 40.Qxb8 Qf1+ 0-1

[Event "43rd World U20 ch"]
[Site "Kochi IND"]
[Date "2004.11.30"]
[Round "12.29"]
[White "Artels, Lieven"]
[Black "Karthikeyan, Pandian"]
[Result "0-1"]
[WhiteElo "2084"]
[BlackElo "2131"]
[EventDate "2004.11.19"]
[PlyCount "59"]

1.e4 e5 2.Nf3 Nc6 3.Bc4 Nf6 4.d3 Bc5 5.Nc3 h6 6.h3 a6 7.O-O d6 8.Qe2 Be6 
9.Bb3 Qd7 10.Be3 g5 11.Nd5 Ng8 12.Nd2 O-O-O 13.Nc4 Kb8 14.Rad1 f5 15.Nxe5 
Nxe5 16.d4 f4 17.Bxf4 gxf4 18.dxe5 Bxd5 19.exd5 Qg7 20.e6 Ne7 21.Kh2 Rhg8 
22.Rg1 Ng6 23.Ba4 Qe5 24.Rde1 Qxe2 25.Rxe2 b5 26.Bb3 Ne5 27.Rge1 f3 28.
Rxe5 Rxg2+ 29.Kh1 dxe5 30.e7 0-1

[Event "43rd World U20 ch"]
[Site "Kochi IND"]
[Date "2004.11.30"]
[Round "12.31"]
[White "Ruijgrok, Dennis"]
[Black "Nanjo, Ryosuke"]
[Result "0-1"]
[WhiteElo "2255"]
[BlackElo "2154"]
[EventDate "2004.11.19"]
[PlyCount "104"]

1.e4 c5 2.Nc3 Nc6 3.g3 g6 4.Bg2 Bg7 5.d3 d6 6.Be3 e5 7.Qd2 Nge7 8.f4 Nd4 
9.Nd1 exf4 10.gxf4 d5 11.c3 Ne6 12.Ne2 f5 13.e5 d4 14.Bf2 Nd5 15.c4 Ndxf4 
16.Nxf4 Bh6 17.Bg3 Nxf4 18.Bf1 Qe7 19.Bxf4 Qh4+ 20.Qf2 Qxf4 21.Qxf4 Bxf4 
22.Bg2 Bxe5 23.O-O Kd8 24.a3 a5 25.b3 Re8 26.Nb2 Bd6 27.Na4 Kc7 28.b4 axb4
29.axb4 Bd7 30.bxc5 Bxh2+ 31.Kxh2 Bxa4 32.Rf4 Bc6 33.Rxa8 Rxa8 34.Bxc6 
bxc6 35.Rxd4 Ra5 36.Rh4 h5 37.Rh3 f4 38.Rh4 g5 39.Rxh5 Rxc5 40.Rh7+ Kb6 
41.Kh3 Re5 42.Kg4 Kc5 43.Rd7 Kb4 44.d4 Re4 45.d5 c5 46.Kxg5 Kxc4 47.d6 Rd4
48.Kf6 f3 49.Ke5 Rd5+ 50.Ke4 Rf5 51.Kxf5 f2 52.Ke6 f1=Q 0-1

[Event "43rd World U20 ch"]
[Site "Kochi IND"]
[Date "2004.11.30"]
[Round "12.32"]
[White "Raghuram, Balaji"]
[Black "Aswin, Jayaram"]
[Result "1/2-1/2"]
[WhiteElo "2043"]
[BlackElo "2160"]
[EventDate "2004.11.19"]
[PlyCount "129"]

1.d4 Nf6 2.c4 g6 3.Nf3 Bg7 4.Nc3 d5 5.e3 O-O 6.Bd3 c5 7.cxd5 cxd4 8.exd4 
Nxd5 9.O-O Nc6 10.Be4 Be6 11.h3 Rc8 12.Ne2 Nf6 13.Bxc6 Rxc6 14.Ne5 Rd6 15.
Bf4 Rb6 16.b3 Nd5 17.Bg3 Ra6 18.Qd2 Qb6 19.Rfc1 Rd8 20.Qb2 Qb5 21.Rc5 Qe8 
22.Nf4 Nxf4 23.Bxf4 Rad6 24.Be3 Bd5 25.Rac1 f6 26.Nc4 Re6 27.Na3 a6 28.Nc2
b6 29.Rc7 a5 30.Ne1 Be4 31.Qc3 Kf7 32.Nd3 g5 33.Ne1 h6 34.f3 Bg6 35.Bf2 
Qb5 36.Rc6 Rdd6 37.Rxd6 Rxd6 38.Qc4+ Qd5 39.Qxd5+ Rxd5 40.Rc6 b5 41.Nc2 
Bxc2 42.Rxc2 f5 43.Rc6 b4 44.Ra6 e5 45.Ra7+ Kg6 46.dxe5 Rd1+ 47.Kh2 Bxe5+ 
48.Bg3 Bxg3+ 49.Kxg3 f4+ 50.Kh2 Rd5 51.Ra6+ Kh5 52.g4+ fxg3+ 53.Kxg3 Rc5 
54.Ra7 Rd5 55.Ra6 Rf5 56.Re6 Rd5 57.Ra6 Re5 58.Ra7 Rc5 59.Ra6 Rd5 60.Ra7 
Kg6 61.Ra6+ Kg7 62.Kg4 Rd4+ 63.Kg3 Rd5 64.Kg4 Rd4+ 65.Kg3 1/2-1/2

[Event "43rd World U20 ch"]
[Site "Kochi IND"]
[Date "2004.11.30"]
[Round "12.33"]
[White "Cereijo, Nicolas"]
[Black "Venkat, S. Sundaram"]
[Result "1-0"]
[WhiteElo "2120"]
[BlackElo "2152"]
[EventDate "2004.11.19"]
[PlyCount "77"]

1.e4 c5 2.Nf3 d6 3.d4 cxd4 4.Nxd4 Nf6 5.Nc3 e6 6.Be3 Nc6 7.f3 Be7 8.Qd2 
O-O 9.O-O-O a6 10.g4 Nxd4 11.Bxd4 b5 12.Bd3 b4 13.Ne2 e5 14.Be3 Be6 15.Kb1
Qa5 16.Nc1 Rfc8 17.g5 Nd7 18.h4 Rab8 19.h5 Nc5 20.g6 Na4 21.gxh7+ Kh8 22.
Nb3 Qc7 23.Rdg1 Bf8 24.Qg2 a5 25.Bg5 f6 26.Bxf6 Qf7 27.Bg5 Nc5 28.h6 Nxd3 
29.hxg7+ Bxg7 30.Bh6 Rb7 31.cxd3 a4 32.Nc1 Rbc7 33.Qh2 Qf6 34.Qd2 b3 35.a3
Qf8 36.Rg6 Bxh6 37.Rgxh6 Qxf3 38.Rg1 Qf7 39.Qg5 1-0

[Event "43rd World U20 ch"]
[Site "Kochi IND"]
[Date "2004.11.30"]
[Round "12.34"]
[White "Prasanna, Kannappan"]
[Black "Nitin, Senthilvel"]
[Result "0-1"]
[WhiteElo "2096"]
[BlackElo "2119"]
[EventDate "2004.11.19"]
[PlyCount "80"]

1.Nf3 Nf6 2.b3 d6 3.d4 g6 4.Bb2 Bg7 5.e3 O-O 6.Be2 Nbd7 7.c4 Re8 8.Nc3 c6 
9.Qc2 Qc7 10.h3 e5 11.O-O-O a6 12.g4 b6 13.dxe5 Nxe5 14.Qd2 d5 15.Nxe5 
Rxe5 16.Kb1 Bb7 17.Rhg1 Rae8 18.g5 Nd7 19.cxd5 cxd5 20.Bf3 Rf5 21.Nxd5 
Bxd5 22.Bxd5 Bxb2 23.Qxb2 Ree5 24.Bg2 Re8 25.h4 Nc5 26.Rh1 Qe7 27.Rd4 Qe5 
28.Rhd1 Ne6 29.R4d2 Qc7 30.Bh3 Re5 31.Rd7 Qb8 32.Ka1 Nc5 33.R7d4 R5e7 34.
Bg2 Qc7 35.Bd5 Re5 36.Rf4 R5e7 37.h5 gxh5 38.Rh1 Nd3 39.Qd4 Nxf4 40.exf4 
Re1+ 0-1

[Event "43rd World U20 ch"]
[Site "Kochi IND"]
[Date "2004.11.30"]
[Round "12.35"]
[White "Soon Wai Cheong"]
[Black "Phanikanth, J. S. S."]
[Result "1/2-1/2"]
[WhiteElo "2048"]
[BlackElo "1985"]
[EventDate "2004.11.19"]
[PlyCount "87"]

1.e4 e5 2.Nf3 Nf6 3.Nxe5 d6 4.Nf3 Nxe4 5.d4 d5 6.Bd3 Bd6 7.O-O O-O 8.c4 c6
9.cxd5 cxd5 10.Nc3 Nxc3 11.bxc3 Bg4 12.Rb1 Nd7 13.h3 Bh5 14.g4 Bg6 15.Bxg6
hxg6 16.Qb3 Nb6 17.Kg2 Re8 18.Bg5 Be7 19.Bf4 Bd6 20.Be5 Nc4 21.Qxb7 Bxe5 
22.Nxe5 Nxe5 23.dxe5 Rxe5 24.Rfe1 Rxe1 25.Rxe1 Rb8 26.Qxa7 Ra8 27.Qd4 Rxa2
28.c4 Ra4 29.Qxd5 Qxd5+ 30.cxd5 Kf8 31.Rd1 Ke7 32.Rb1 Kd6 33.Rb7 Rf4 34.
Kg3 Rf6 35.Rb5 g5 36.Ra5 Ke5 37.d6+ Kxd6 38.Rxg5 g6 39.Ra5 Ke7 40.Re5+ Kf8
41.f4 Rb6 42.Re3 Kg7 43.h4 Rb1 44.g5 1/2-1/2

[Event "43rd World U20 ch"]
[Site "Kochi IND"]
[Date "2004.11.30"]
[Round "13.4"]
[White "Alexeev, Evgeny"]
[Black "Drozdovskyi, Yury"]
[Result "1/2-1/2"]
[WhiteElo "2604"]
[BlackElo "2510"]
[EventDate "2004.11.19"]
[PlyCount "26"]

1.e4 e6 2.d4 d5 3.Nc3 Nf6 4.e5 Nfd7 5.f4 c5 6.Nf3 Nc6 7.Be3 Qb6 8.Na4 Qa5+
9.c3 b6 10.Bd2 c4 11.b4 Qa6 12.g3 b5 13.Nc5 Qa3 1/2-1/2

[Event "43rd World U20 ch"]
[Site "Kochi IND"]
[Date "2004.11.30"]
[Round "13.6"]
[White "Sengupta, Deep"]
[Black "l`Ami, Erwin"]
[Result "1-0"]
[WhiteElo "2359"]
[BlackElo "2516"]
[EventDate "2004.11.19"]
[PlyCount "55"]

1.e4 c5 2.Ne2 d6 3.d4 cxd4 4.Nxd4 Nf6 5.f3 a6 6.c4 e6 7.Nc3 Be7 8.Be3 O-O 
9.Be2 Qc7 10.O-O b6 11.Qd2 Bb7 12.Rfd1 Nbd7 13.Bf1 Rac8 14.g4 Ne5 15.Rac1 
h6 16.h3 g5 17.h4 Nh7 18.b3 Ng6 19.hxg5 hxg5 20.Qf2 Ne5 21.Be2 Bf6 22.Na4 
Nd7 23.Kg2 Kg7 24.b4 Rb8 25.c5 dxc5 26.bxc5 b5 27.c6 bxa4 28.Nxe6+ 1-0

[Event "43rd World U20 ch"]
[Site "Kochi IND"]
[Date "2004.11.30"]
[Round "13.7"]
[White "Jianu, Vlad-Cristian"]
[Black "Quezada Perez, Yuniesky"]
[Result "1-0"]
[WhiteElo "2444"]
[BlackElo "2513"]
[EventDate "2004.11.19"]
[PlyCount "85"]

1.d4 Nf6 2.c4 e6 3.Nf3 b6 4.Nc3 Bb7 5.Bg5 Bb4 6.Nd2 h6 7.Bh4 c5 8.a3 Bxc3 
9.bxc3 d6 10.f3 Nbd7 11.e3 Qc7 12.a4 O-O 13.Bd3 d5 14.O-O Rfe8 15.e4 Ba6 
16.Qe2 Rac8 17.Rac1 Qc6 18.Rfe1 dxc4 19.Nxc4 Nh5 20.g3 Nhf6 21.g4 Bxc4 22.
Bxc4 cxd4 23.cxd4 Qxa4 24.Bf2 Qc6 25.Be3 Qa8 26.Ba6 Rxc1 27.Rxc1 Qb8 28.
Qc4 e5 29.d5 Qd6 30.Bb5 Rd8 31.Qc7 Qxc7 32.Rxc7 a5 33.Rb7 Kf8 34.h4 Rb8 
35.Rxb8+ Nxb8 36.Bxb6 Nbd7 37.Bxa5 Ke7 38.Kf2 Kd6 39.Bb4+ Nc5 40.Ke3 Ng8 
41.Be8 f6 42.Bg6 Ne7 43.Bf5 1-0

[Event "43rd World U20 ch"]
[Site "Kochi IND"]
[Date "2004.11.30"]
[Round "13.8"]
[White "Paragua, Mark"]
[Black "Bartel, Mateusz"]
[Result "1/2-1/2"]
[WhiteElo "2534"]
[BlackElo "2481"]
[EventDate "2004.11.19"]
[PlyCount "135"]

1.e4 e6 2.d3 d5 3.Qe2 Nf6 4.Nf3 b6 5.g3 Bb7 6.e5 Nfd7 7.Bg2 c5 8.O-O Nc6 
9.c4 d4 10.Na3 Be7 11.h4 O-O 12.Nc2 a6 13.Bf4 b5 14.b3 bxc4 15.dxc4 a5 16.
a4 Ra6 17.Na3 Nb4 18.Nb5 Rb6 19.Bd2 f6 20.exf6 Bxf6 21.Bxb4 axb4 22.Rad1 
e5 23.Nd2 Bxg2 24.Kxg2 Bxh4 25.Rh1 Be7 26.Qe4 Nf6 27.Qf3 Qd7 28.Ne4 Ng4 
29.Qe2 Qf5 30.Rd3 Ne3+ 31.Rxe3 dxe3 32.Qxe3 Rc6 33.Qe2 Rd8 34.Rh5 Qe6 35.
Nd2 Bf6 36.Nf1 g6 37.Rh1 e4 38.Ne3 Bd4 39.Nd5 Rxd5 40.cxd5 Qxd5 41.a5 e3+ 
42.f3 Qxb3 43.a6 Rxa6 44.Nxd4 Ra2 45.Nxb3 Rxe2+ 46.Kh3 c4 47.Nc5 b3 48.Rb1
Rf2 49.Nxb3 cxb3 50.Rxb3 Rxf3 51.Rb4 Rf1 52.Re4 Re1 53.Kg2 Kf7 54.Rb4 h5 
55.Rb3 Kf6 56.Kf3 g5 57.Rb6+ Ke5 58.Rb5+ Kd4 59.Rxg5 Rf1+ 60.Ke2 Rf2+ 61.
Ke1 Rh2 62.Rg8 Ke4 63.Rf8 Rh3 64.Re8+ Kf3 65.Rf8+ Kxg3 66.Ke2 h4 67.Rg8+ 
Kh2 68.Rg4 1/2-1/2